000 02733cam a22004214a 4500
003 BJBSDDR
005 20250506110757.0
007 ta
008 061215s2007 nyub b 001 0 eng
020 _a9780375711329
020 _a0375711325
029 1 _aYDXCP
_b2542180
035 _a(OCoLC)ocm77116924
035 _a(OCoLC)77116924
040 _aDLC
_cDLC
_beng
041 _aeng
043 _aa-is---
049 _aGRAL
050 1 4 _a416 DS 126.5
_bS121h 2007
082 0 0 _a956.94
100 1 _aSachar, Howard M.
_q(Howard Morley),
_d1928-2018
_916500
245 1 2 _aA history of Israel :
_bfrom the rise of Zionism to our time /
_cHoward M. Sachar.
250 _a3rd edition revised and expanded.
260 _aNew York :
_bAlfred A. Knopf,
_c2007.
300 _axxii, 1270 pages :
_bmaps ;
_c24 cm.
500 _a"This is a Borzoi book"--T.p. verso.
504 _aIncludes bibliographical references (pages [1135]-1207) and index.
505 0 _aThe rise of Jewish nationalism The beginning of the Return Herzl and the rise of political Zionism The growth of the Yishuv The Balfour Declaration The establishment of the mandate Building the Jewish national home The seeds of Arab-Jewish confrontation Britain repudiates the Jewish national home Palestine in World War II The Yishuv repudiates the mandate The birth of Israel The war of independence The growth of the Israeli republic Ingathering and the struggle for economic survival The search for peace and security Sinai and Suez Years of economic and social growth A decade of political and diplomatic achievement Cultural and ideological currents The Six-Day War Israel as empire Israel and world Jewry The War of the Day of Judgment Aftermath of an earthquake The Likud era begins An accommodation with Egypt Romantic nationalism and Realpolitik Revisionism at the apogee Israel in Lebanon A crisis of Israeli spirit, of diaspora loyalty The era of unity governments The wages of immobilism A tormented road to peace A deterioration of the Rabin-Peres legacy Ehud Barak's two years The bulldozer as prime minister The bulldozer as statesman Israel faces the Twenty-first Century A mottled landscape A Middle Eastern hour of decision
520 _aVoluminous treatise encompassing the history of Israel from the late-nineteenth century to present day
650 0 _aZionism
_xHistory.
650 4 _aSionismo
_xHistoria.
_95255
651 0 _aIsrael
_xHistory.
651 4 _aIsrael
_xHistoria
_915733
651 0 _aPalestine
_xHistory
_y1917-1948.
651 4 _aPalestina
_xHistoria
_y1917-1948
_93508
856 4 1 _3Table of contents only
_uhttp://www.loc.gov/catdir/toc/ecip076/2006101970.html
942 _2lcc
_cBK
999 _c27748
_d27748